| 000 | 01021cam a22003137a 4500 | ||
|---|---|---|---|
| 003 | CHAP | ||
| 005 | 20220329142920.0 | ||
| 008 | 050217d2000 mx r 00110 spa d | ||
| 010 | _a89597 | ||
| 011 | _a90569 | ||
| 035 | _a101125 | ||
| 040 | _cCHAP | ||
| 082 | 0 | 4 |
_a370 _bG5 |
| 111 | 0 | 0 |
_aGlobal Connections Conference _d(2000 : _cBarra de Navidad, Jalisco) _948297 |
| 245 | 1 | 0 |
_aMemories _c/by Universidad Autónoma de Guadalajara |
| 260 |
_aGuadalajara, Jal. : _bUniversidad Autónoma de Guadalajara, _c2000. |
||
| 300 | _ac.a. 90 h. | ||
| 500 | _afotocopias | ||
| 590 |
_aBATCH-UPD _b10 _c20130110 _lUCH01 _h0622 |
||
| 590 |
_aBATCH-UPD _b10 _c20130410 _lUCH01 _h0305 |
||
| 590 |
_aBATCH-UPD _b10 _c20130914 _lUCH01 _h1238 |
||
| 590 |
_aCONVERSION _b10 _c20130109 _lUCH01 _h1350 |
||
| 650 | 1 | 4 |
_aEducación a distancia. _935488 |
| 650 | 1 | 4 |
_aEducación _xInnovaciones tecnológicas. _935456 |
| 901 | _aBK | ||
| 905 | _aLilia | ||
| 942 | _cLIBRO | ||
| 949 |
_a370 G5 _bBC _cLIBRO _d33724002013850 _eLIBRO _h105055 _i101125 _st |
||
| 999 |
_c89597 _d89597 |
||